000 00727nam a2200205Ia 4500
003 GCL
008 140319s9999 xx 000 0 ara d
040 _aGCL /
_cGCL
082 0 4 _a355.17
_bح ص
100 1 _aحسين الطنطاوى
245 1 0 _aالصراع من اجل السماء: جوانب الصراع لاول حرب الكترونية صاروخية فى العالم /
_cحسين الطنطاوى
700 1 _aيحيى السنجق
300 _a175 ص
490 _aالهيئة العامة للاستعلامات
_v0
650 0 4 _aالصواريخ
650 0 4 _aقوات الدفاع الجوى
650 0 4 _aالحرب الالكترونية
650 0 4 _aحرب اكتوبر 1973
942 _2ddc
_cBK
999 _c46884
_d46884